Alle Zahlen von 1 bis 10 - Statistiken

Allgemein
  • Dieses Quiz wurde 401 mal gespielt
  • Das Durchschnittsergebnis liegt bei 10 aus 10
Antwortstatistiken
Zahl % Korrekt
1
100%
2
100%
5
100%
10
99%
3
99%
4
99%
6
99%
7
99%
9
99%
8
98%
Keine übereinstimmenden Quizze gefunden
Verteilung der Resultate
Anzahl Personen mit jedem Resultat
Perzentil nach korrekt beantworteten Fragen
Ihre Resultats-Entwicklung
Sie haben dieses Quiz noch nicht gespielt